[Event "25.Schlosspark-Open"]
[Site "Wiesbaden-Biebrich"]
[Date "2013.08.22"]
[Round "1.27"]
[White "Sergin, Mark"]
[Black "Zeyen, Helmut"]
[Result "1-0"]
[WhiteElo "2160"]
[BlackElo "1808"]
[PlyCount "45"]
[EventDate "2013.??.??"]
[WhiteTeam "Kasseler SK 1876"]
[BlackTeam "Wiesbadener SV 1885"]

1. e4 d5 2. exd5 Qxd5 3. Nc3 Qd6 4. d4 Nf6 5. Nf3 c6 6. g3 Bg4 7. Bg2 e6 8. Bf4
Qd8 9. Qd2 Bb4 10. Ne5 Bf5 11. a3 Ne4 12. Bxe4 Bxc3 13. Qxc3 Bxe4 14. f3 Bg6
15. h4 f6 16. Nxg6 hxg6 17. O-O-O Qd5 18. Qd3 Kf7 19. c4 Qf5 20. Qe3 Nd7 21.
Rhe1 Nb6 22. g4 Qa5 23. Qxe6+ 1-0

[Event "25.Schlosspark-Open"]
[Site "Wiesbaden-Biebrich"]
[Date "2013.08.22"]
[Round "1.28"]
[White "Schellen, Sven"]
[Black "Boos, Markus"]
[Result "0-1"]
[WhiteElo "1805"]
[BlackElo "2153"]
[PlyCount "148"]
[EventDate "2013.??.??"]
[WhiteTeam "Sfr. Frankfurt 1921"]
[BlackTeam "SF Vonkeln 1931"]

1. d4 Nf6 2. c4 c5 3. Nf3 cxd4 4. Nxd4 e5 5. Nb5 d5 6. cxd5 Bc5 7. e3 O-O 8.
N5c3 e4 9. Be2 Nbd7 10. Nd2 Re8 11. Nc4 Ne5 12. Nxe5 Rxe5 13. O-O h5 14. Qa4
Bd7 15. Qc4 Rc8 16. Qb3 Rb8 17. Rd1 Ng4 18. h3 Nxf2 19. Kxf2 Qh4+ 20. Kg1 Bxh3
21. Bf1 Bg4 22. Be2 Qg3 23. Qc2 Bxe3+ 24. Bxe3 Qxe3+ 25. Kh1 Rc8 26. Re1 Qg3
27. Qd2 e3 28. Qd4 Qh4+ 29. Kg1 Qf2+ 30. Kh1 Qh4+ 31. Kg1 Qf2+ 32. Kh1 Rce8 33.
Rf1 Qh4+ 34. Kg1 Qg5 35. Qf4 Qxf4 36. Rxf4 Bxe2 37. Nxe2 Rxd5 38. Rd4 Rxd4 39.
Nxd4 Rd8 40. Nb3 f5 41. Kf1 f4 42. Rc1 b6 43. Rc7 a5 44. Rc2 a4 45. Nc1 Rd2 46.
Rc8+ Kf7 47. b3 axb3 48. axb3 g5 49. Rc3 Kf6 50. Nd3 Kf5 51. Ne1 g4 52. Rc6
Rf2+ 53. Kg1 Rb2 54. Rxb6 Rb1 55. Rb5+ Kf6 56. Rb6+ Ke5 57. Rb5+ Kd6 58. Kf1 f3
59. gxf3 gxf3 60. Rf5 f2 61. Rxf2 exf2 62. Kxf2 Rxb3 63. Kg2 Ke5 64. Nf3+ Kf4
65. Nh2 Rg3+ 66. Kf2 Ra3 67. Kg2 h4 68. Nf1 h3+ 69. Kf2 Ra2+ 70. Kg1 Rg2+ 71.
Kh1 Rf2 72. Kg1 Kf3 73. Nh2+ Kg3 74. Nf1+ Rxf1+ 0-1

[Event "25.Schlosspark-Open"]
[Site "Wiesbaden-Biebrich"]
[Date "2013.08.22"]
[Round "1.29"]
[White "Baskin, Robert"]
[Black "Happel, Jonas"]
[Result "1-0"]
[WhiteElo "2145"]
[BlackElo "1780"]
[PlyCount "83"]
[EventDate "2013.??.??"]
[WhiteTeam "SAbt TuS Makkabi Ffm"]
[BlackTeam "SV 1920 Hofheim"]

1. e4 c5 2. Nf3 Nc6 3. d4 cxd4 4. Nxd4 g6 5. Nc3 Bg7 6. Nb3 Nf6 7. Be2 O-O 8.
O-O a6 9. Be3 d6 10. f4 b5 11. Bf3 Bb7 12. Nd5 Nxd5 13. exd5 Na5 14. Bd4 Nc4
15. Bxg7 Kxg7 16. Qd4+ Kg8 17. Rfe1 Re8 18. Rad1 Qb6 19. Qxb6 Nxb6 20. Na5 Ra7
21. b3 Ba8 22. c4 bxc4 23. bxc4 Rc8 24. Rb1 Nxc4 25. Rec1 Rac7 26. Rxc4 Rxc4
27. Nxc4 Rxc4 28. Rb8+ Kg7 29. Rxa8 Rc1+ 30. Kf2 Rc2+ 31. Be2 Rxa2 32. Rxa6
Rxa6 33. Bxa6 h6 34. Ke3 Kf8 35. Ke4 f5+ 36. Kd4 Kf7 37. Bc8 Kf6 38. Be6 h5 39.
h4 Kg7 40. Kc4 Kf8 41. Kb5 Ke8 42. Kc6 1-0

[Event "25.Schlosspark-Open"]
[Site "Wiesbaden-Biebrich"]
[Date "2013.08.22"]
[Round "1.30"]
[White "Krischak, Werner"]
[Black "Frey, Thomas"]
[Result "0-1"]
[WhiteElo "1776"]
[BlackElo "2141"]
[PlyCount "110"]
[EventDate "2013.??.??"]
[WhiteTeam "SK Marburg 1931/72"]
[BlackTeam "SV Reutlingen"]

1. d4 Nf6 2. Nf3 g6 3. c4 Bg7 4. Nc3 d6 5. e4 O-O 6. Be2 e5 7. O-O Nc6 8. d5
Ne7 9. Ne1 h6 10. Be3 Ne8 11. Qd2 Kh7 12. b4 f5 13. f3 f4 14. Bf2 g5 15. Nd3 h5
16. Rfc1 Bf6 17. c5 g4 18. Kh1 Rg8 19. Bg1 Ng6 20. b5 Nh4 21. Bd1 Qe7 22. b6
axb6 23. cxb6 Qg7 24. Nb5 gxf3 25. Bxf3 cxb6 26. Bxb6 Bg4 27. Ne1 Nxf3 28. Nxf3
h4 29. Nc7 Rc8 30. Nxe8 Rgxe8 31. h3 Bd7 32. Bf2 Qg6 33. Qe1 Rg8 34. Qf1 Qxe4
35. Bxh4 Bxh4 36. Nxh4 Qxd5 37. Rd1 Qc4 38. Qf3 Qf7 39. Rxd6 Bc6 40. Qd3+ e4
41. Qd4 Rce8 42. Rf6 Qg7 43. Qd6 f3 44. g4 Ref8 45. g5 Rxf6 46. gxf6 Qf7 47.
Qe5 e3 48. Kh2 e2 49. Qf5+ Kh8 50. Nxf3 Qc7+ 51. Qe5 Qxe5+ 52. Nxe5 Rg2+ 53.
Kh1 Rf2+ 54. Nxc6 Rf1+ 55. Kg2 Rxa1 0-1

[Event "25.Schlosspark-Open"]
[Site "Wiesbaden-Biebrich"]
[Date "2013.08.22"]
[Round "1.31"]
[White "Werner, Dimo"]
[Black "Anhalt, Albert"]
[Result "1-0"]
[WhiteElo "2139"]
[BlackElo "1776"]
[PlyCount "81"]
[EventDate "2013.??.??"]
[WhiteTeam "Vorw.Orient Mainz"]
[BlackTeam "SG Turm Idstein"]

1. d4 d5 2. Nf3 Nf6 3. c4 c6 4. cxd5 cxd5 5. Nc3 e6 6. Bf4 Be7 7. e3 a6 8. Bd3
Nbd7 9. h3 O-O 10. O-O b5 11. a4 b4 12. Na2 a5 13. Rc1 Ne8 14. b3 g5 15. Bh2 f5
16. Ne5 Nxe5 17. Bxe5 Bf6 18. f4 Rf7 19. Rc2 Rg7 20. Nc1 g4 21. hxg4 Rxg4 22.
Be2 Rg6 23. Nd3 Bh4 24. Nf2 Ra7 25. Nh1 Nf6 26. Bxf6 Bxf6 27. Bb5 Rh6 28. Qc1
Bd7 29. Bxd7 Qxd7 30. Rc8+ Bd8 31. Qc6 Kf7 32. Qxd7+ Rxd7 33. Nf2 e5 34. fxe5
Bg5 35. Nd1 f4 36. exf4 Bd8 37. Ne3 Bb6 38. Rd1 Rh5 39. Kf2 Ke7 40. Kf3 Kf7 41.
Rc6 1-0

[Event "25.Schlosspark-Open"]
[Site "Wiesbaden-Biebrich"]
[Date "2013.08.22"]
[Round "1.32"]
[White "Traut, Stefan"]
[Black "Friesen, Viktor"]
[Result "0-1"]
[WhiteElo "1775"]
[BlackElo "2123"]
[PlyCount "62"]
[EventDate "2013.??.??"]
[WhiteTeam "Sfr. Heusenstamm"]
[BlackTeam "Herforder SV Königsspr"]

1. d4 Nf6 2. Nf3 e6 3. g3 b6 4. Bg2 Bb7 5. O-O c5 6. e3 Be7 7. c4 cxd4 8. Nxd4
Bxg2 9. Kxg2 O-O 10. Nc3 Na6 11. b3 Nc5 12. Qc2 Rc8 13. Bb2 d5 14. cxd5 Nxd5
15. Rac1 Nb4 16. Qb1 Qd7 17. Rfd1 Rfd8 18. Ba1 Qb7+ 19. f3 Bf6 20. Nce2 Qa6 21.
a4 Qb7 22. Bc3 Nd5 23. Bd2 e5 24. Nb5 e4 25. f4 a6 26. Nbc3 Nb4 27. Na2 Nbd3
28. Rc4 Nb2 29. Rxc5 bxc5 30. Nec3 Nxd1 31. Qxd1 Rb8 0-1

[Event "25.Schlosspark-Open"]
[Site "Wiesbaden-Biebrich"]
[Date "2013.08.22"]
[Round "1.33"]
[White "Sarközy, Benjamin"]
[Black "Schneider, Lutz"]
[Result "1-0"]
[WhiteElo "2115"]
[BlackElo "1772"]
[PlyCount "43"]
[EventDate "2013.??.??"]
[WhiteTeam "SV Oberursel"]
[BlackTeam "Vorw.Orient Mainz"]

1. e4 c6 2. d4 d5 3. Nc3 dxe4 4. Nxe4 Nd7 5. Bc4 Ngf6 6. Ng5 e6 7. Qe2 Nd5 8.
N1f3 Be7 9. O-O h6 10. Ne4 N5f6 11. Ng3 O-O 12. Re1 Nd5 13. Bb3 Bd6 14. Ne5 Bc7
15. Bd2 Bb6 16. c3 c5 17. Ng6 cxd4 18. Nxf8 Kxf8 19. cxd4 Bxd4 20. Bxd5 exd5
21. Bb4+ Nc5 22. Rad1 1-0

[Event "25.Schlosspark-Open"]
[Site "Wiesbaden-Biebrich"]
[Date "2013.08.22"]
[Round "1.34"]
[White "Maleski, Heinz"]
[Black "Kreiling, Carsten"]
[Result "0-1"]
[WhiteElo "1771"]
[BlackElo "2111"]
[PlyCount "58"]
[EventDate "2013.??.??"]
[WhiteTeam "SC Budenheim"]
[BlackTeam "SVG Eppstein 1932"]

1. d4 c5 2. Nf3 cxd4 3. Qxd4 Nc6 4. Qd1 g6 5. Bf4 Bg7 6. c3 Nf6 7. e3 d6 8. h3
Qb6 9. Qb3 Qc7 10. Be2 O-O 11. O-O Be6 12. Qd1 Qb6 13. Qc1 Rac8 14. Nd4 Bd7 15.
Nd2 Nd5 16. Nc4 Qd8 17. Nxc6 Bxc6 18. e4 Nxf4 19. Qxf4 Bb5 20. b3 Bxc3 21. Rac1
e5 22. Qf3 Bd4 23. Rfd1 f5 24. exf5 Bc6 25. Qd3 Rxf5 26. Bg4 Rxf2 27. Kh1 Bxg2+
28. Kg1 Rd2+ 29. Kh2 Rxd3 0-1

[Event "25.Schlosspark-Open"]
[Site "Wiesbaden-Biebrich"]
[Date "2013.08.22"]
[Round "1.35"]
[White "Junker, Christian"]
[Black "Goebel, Knut"]
[Result "1-0"]
[WhiteElo "2100"]
[BlackElo "1766"]
[PlyCount "141"]
[EventDate "2013.??.??"]
[WhiteTeam "SV 1926 Neu-Isenburg"]
[BlackTeam "SC Ober-Ramstadt"]

1. Nf3 d5 2. g3 Nf6 3. d3 Bf5 4. Nbd2 c6 5. Bg2 Nbd7 6. O-O e6 7. b3 Be7 8. Bb2
O-O 9. Re1 Bg6 10. e4 dxe4 11. dxe4 Qa5 12. e5 Nd5 13. Nc4 Qc7 14. a3 Rad8 15.
Qe2 Nc5 16. Nd4 Nd7 17. f4 N7b6 18. Nd2 Bc5 19. N2f3 Bh5 20. Rad1 Rd7 21. b4
Bxd4+ 22. Bxd4 Na4 23. Qf2 b6 24. c4 Ne7 25. Qc2 b5 26. Bf2 Rfd8 27. Rxd7 Qxd7
28. Nd4 Bg6 29. Qb3 a6 30. Rc1 c5 31. Nf3 bxc4 32. Rxc4 Bd3 33. Rc1 c4 34. Qd1
Nd5 35. Qd2 Qc7 36. Ne1 Bf5 37. Bd4 c3 38. Qf2 Rc8 39. h3 h5 40. Bf1 Qc6 41.
Qe2 Nc7 42. Bg2 Qb5 43. Qxh5 Qc4 44. Bf2 Nd5 45. Qd1 Qa2 46. Qxa4 c2 47. Qxa6
Rc7 48. Bxd5 Qxd5 49. Qd6 Qc4 50. Qd2 Rc8 51. g4 Be4 52. Bc5 Qb3 53. Qe3 Qb2
54. Nxc2 Bxc2 55. Qd2 Qxa3 56. Rxc2 Qxh3 57. Qg2 Qd3 58. Kh2 Qh7+ 59. Kg1 Qd3
60. Rd2 Qb1+ 61. Kh2 Qh7+ 62. Kg3 Qb1 63. Qg1 Qb3+ 64. Qe3 Qb1 65. Kg2 Ra8 66.
Qd3 Qe1 67. Re2 Qh4 68. Qg3 Qd8 69. f5 Qd5+ 70. Qf3 Qd1 71. Qxa8+ 1-0

[Event "25.Schlosspark-Open"]
[Site "Wiesbaden-Biebrich"]
[Date "2013.08.22"]
[Round "1.36"]
[White "Brandt, Michael"]
[Black "Rödiger, Thomas"]
[Result "0-1"]
[WhiteElo "1758"]
[BlackElo "2086"]
[PlyCount "80"]
[EventDate "2013.??.??"]
[WhiteTeam "Wiesbadener SV 1885"]
[BlackTeam "SC Bad Soden"]

1. f4 d5 2. e3 Nf6 3. Nf3 c5 4. Be2 Nc6 5. d3 e6 6. O-O Be7 7. b3 O-O 8. Bb2 b6
9. Qe1 Bb7 10. Ne5 Nxe5 11. fxe5 Ne8 12. Bf3 f6 13. Nd2 fxe5 14. Bxe5 Bf6 15.
Bxf6 Nxf6 16. c4 Qd7 17. d4 Rad8 18. Rd1 Rfe8 19. Qg3 Qd6 20. Qxd6 Rxd6 21.
Rfe1 Red8 22. a3 Ba6 23. dxc5 bxc5 24. e4 dxe4 25. Nxe4 Nxe4 26. Rxd6 Nxd6 27.
Rxe6 Bb7 28. Bxb7 Nxb7 29. Re7 Na5 30. b4 Nxc4 31. bxc5 a5 32. a4 Rc8 33. Re1
Rxc5 34. Rc1 Rc6 35. Kf2 Ne5 36. Ra1 Rc3 37. h3 Nc4 38. Ra2 Ra3 39. Rxa3 Nxa3
40. Ke2 Nc4 0-1

[Event "25.Schlosspark-Open"]
[Site "Wiesbaden-Biebrich"]
[Date "2013.08.22"]
[Round "1.37"]
[White "Berberich, Christoph"]
[Black "Kokhnover, Ilia"]
[Result "1-0"]
[WhiteElo "2078"]
[BlackElo "1757"]
[PlyCount "70"]
[EventDate "2013.??.??"]
[WhiteTeam "SK Freiburg Zähringen 1887 e.V."]
[BlackTeam "vereinslos"]

1. d4 Nf6 2. Nf3 c5 3. e3 d5 4. c4 Bg4 5. cxd5 Bxf3 6. Qxf3 Qxd5 7. Bb5+ Nbd7
8. Qxd5 Nxd5 9. Nc3 Nxc3 10. bxc3 cxd4 11. cxd4 e6 12. a4 a6 13. Bd3 Bb4+ 14.
Bd2 Bd6 15. a5 e5 16. Rb1 exd4 17. exd4 Rb8 18. Bb4 Bxb4+ 19. Rxb4 b5 20. axb6
a5 21. Ra4 Rxb6 22. Rxa5 Ke7 23. O-O Rd8 24. Rd5 Rd6 25. Re1+ Re6 26. Ra1 Rd6
27. Rxd6 Kxd6 28. Ra7 g6 29. Bb5 f5 30. Rxd7+ Rxd7 31. Bxd7 Kxd7 32. Kf1 Kd6
33. Ke2 Kd5 34. Kd3 f4 35. f3 h6 1-0

[Event "25.Schlosspark-Open"]
[Site "Wiesbaden-Biebrich"]
[Date "2013.08.22"]
[Round "1.38"]
[White "Gnad, Gunnar"]
[Black "Hahn, Florian"]
[Result "0-1"]
[WhiteElo "1755"]
[BlackElo "2078"]
[PlyCount "71"]
[EventDate "2013.??.??"]
[WhiteTeam "Gambit Bonneweg"]
[BlackTeam "SK Gründau"]

1. c4 e6 2. Nc3 b6 3. Nf3 Bb7 4. e3 Nf6 5. Be2 Be7 6. O-O O-O 7. d4 Ne4 8. Nxe4
Bxe4 9. Nd2 Bb7 10. Nb3 f5 11. f3 Rf6 12. Bd2 Qe8 13. Qc2 Qh5 14. Be1 g5 15.
Rd1 Bd6 16. h3 Nc6 17. c5 Be7 18. a3 Raf8 19. Bc3 Rh6 20. e4 Qg6 21. exf5 Qxf5
22. Bd3 Qf4 23. Rde1 Qg3 24. Kh1 Rf4 25. Re3 Rfh4 26. Re2 Qf4 27. Re4 Qf7 28.
Rxh4 Rxh4 29. Be4 Bf6 30. Qd1 Nd8 31. cxb6 axb6 32. Be1 Rh6 33. Bxb7 Nxb7 34.
f4 Be7 35. Bd2 Rf6 36. Rf3 {ZÜ} 0-1

[Event "25.Schlosspark-Open"]
[Site "Wiesbaden-Biebrich"]
[Date "2013.08.22"]
[Round "1.39"]
[White "Holgert, Michael"]
[Black "Pade, Joachim"]
[Result "1-0"]
[WhiteElo "2076"]
[BlackElo "1754"]
[PlyCount "37"]
[EventDate "2013.??.??"]
[WhiteTeam "ESV Lok Raw Cottbus e.V."]
[BlackTeam "Sfr. Anderssen Wetzlar"]

1. c4 e6 2. g3 f5 3. Bg2 Nf6 4. Nc3 Be7 5. Nf3 O-O 6. O-O d6 7. b4 c6 8. Qb3
Kh8 9. Bb2 e5 10. d3 h6 11. b5 Bd7 12. c5 g5 13. cxd6 Bxd6 14. d4 e4 15. Ne5
Bxe5 16. dxe5 Nh5 17. e6 Be8 18. Rfd1 Qc7 19. Nd5+ 1-0

[Event "25.Schlosspark-Open"]
[Site "Wiesbaden-Biebrich"]
[Date "2013.08.22"]
[Round "1.40"]
[White "Wilke, Tabea"]
[Black "Fucik, Timo"]
[Result "0-1"]
[WhiteElo "1749"]
[BlackElo "2073"]
[PlyCount "130"]
[EventDate "2013.??.??"]
[WhiteTeam "SC 1979 Hattersheim"]
[BlackTeam "SK 1926 Ettlingen"]

1. e4 c5 2. Nc3 Nc6 3. Bb5 Nd4 4. Bc4 d6 5. Nge2 Nf6 6. d3 Nxe2 7. Nxe2 Bd7 8.
O-O b5 9. Bb3 Qc7 10. c3 g6 11. Qe1 Bg7 12. f4 O-O 13. Qh4 c4 14. Bc2 cxd3 15.
Bxd3 Bc6 16. f5 Nd7 17. Bg5 Ne5 18. Bc2 f6 19. Bb3+ Kh8 20. Bh6 Bxh6 21. Qxh6
Bxe4 22. fxg6 Nxg6 23. Nd4 Qc5 24. Kh1 Qe5 25. Nf3 Bxf3 26. Rxf3 Qg5 27. Qh3
Nf4 28. Qg3 Qxg3 29. Rxg3 d5 30. Rf1 e5 31. Re3 Rad8 32. Rd1 Rd6 33. g3 Ne6 34.
Rxd5 Rxd5 35. Bxd5 Nc7 36. Bc6 Rd8 37. Bf3 Kg7 38. Re1 Rd2 39. Re2 Rxe2 40.
Bxe2 f5 41. Kg2 Kf6 42. Kf2 e4 43. Ke3 Ke5 44. Kf2 h6 45. h3 a6 46. a3 f4 47.
gxf4+ Kxf4 48. Bg4 Ne8 49. Bc8 a5 50. Bd7 Nd6 51. Ke2 h5 52. b3 h4 53. a4 bxa4
54. Bxa4 e3 55. c4 Nf5 56. c5 Nd4+ 57. Ke1 Kf3 58. c6 Nc2+ 59. Kd1 e2+ 60. Kxc2
e1=Q 61. c7 Qe2+ 62. Kb1 Qe1+ 63. Kc2 Qe2+ 64. Kb1 Qe4+ 65. Kc1 Qf4+ 0-1

[Event "25.Schlosspark-Open"]
[Site "Wiesbaden-Biebrich"]
[Date "2013.08.22"]
[Round "1.41"]
[White "Sandten, Ulrich"]
[Black "Arns, Alexander"]
[Result "1-0"]
[WhiteElo "2073"]
[BlackElo "1744"]
[PlyCount "97"]
[EventDate "2013.??.??"]
[WhiteTeam "SF Vonkeln 1931"]
[BlackTeam "SF HN-Biberach 1978 e.V."]

1. e4 d5 2. exd5 Qxd5 3. Nc3 Qd6 4. d4 Nf6 5. Nge2 a6 6. Bf4 Qb6 7. Qd2 e6 8.
O-O-O Be7 9. Ng3 Nbd7 10. Bc4 Qc6 11. Bb3 Nb6 12. Rhe1 Nbd5 13. Nxd5 exd5 14.
Qe2 Be6 15. Nf5 Bf8 16. Rd3 Qd7 17. Qe5 Nh5 18. Bg5 f6 19. Qxd5 Qxd5 20. Bxd5
fxg5 21. Bxe6 Kd8 22. Bf7 Nf6 23. Rde3 g6 24. Ne7 Kd7 25. Re6 Ng4 26. Nd5 Rd8
27. Re8 Rxe8 28. Rxe8 Nxh2 29. Nf6+ Kc6 30. c4 b5 31. Bd5+ Kb6 32. Nd7+ Ka5 33.
Rxf8 Rxf8 34. Nxf8 h6 35. Nxg6 Ng4 36. cxb5 axb5 37. f4 Ne3 38. Be4 gxf4 39.
Nxf4 Kb4 40. Nd5+ Kc4 41. Nxe3+ Kxd4 42. Nf5+ Kxe4 43. Nxh6 Kf4 44. b4 Kg3 45.
Kd2 Kxg2 46. Ke3 Kg3 47. Kd4 Kf4 48. Kc5 c6 49. Kxc6 1-0

[Event "25.Schlosspark-Open"]
[Site "Wiesbaden-Biebrich"]
[Date "2013.08.22"]
[Round "1.42"]
[White "Breitbach, Stephan"]
[Black "Seidel, Jürgen"]
[Result "0-1"]
[WhiteElo "1741"]
[BlackElo "2068"]
[PlyCount "50"]
[EventDate "2013.??.??"]
[WhiteTeam "SC 1961 König Nied"]
[BlackTeam "SV 1920 Hofheim"]

1. e4 d6 2. d4 Nf6 3. Nc3 Nbd7 4. Bd3 e5 5. Nge2 Be7 6. O-O O-O 7. d5 c6 8. Ng3
Nc5 9. Be3 cxd5 10. Nxd5 Nxd5 11. exd5 f5 12. Bxc5 dxc5 13. Bc4 Bd6 14. Qe2 Qh4
15. Bb3 Bd7 16. a4 Rae8 17. a5 Rf6 18. Qh5 Qb4 19. a6 b5 20. Qf3 c4 21. Ba2 e4
22. Qa3 Qd2 23. Qe3 Qxe3 24. fxe3 Bc5 25. Rfe1 Rxa6 0-1

[Event "25.Schlosspark-Open"]
[Site "Wiesbaden-Biebrich"]
[Date "2013.08.22"]
[Round "1.43"]
[White "Trumpp, Lothar"]
[Black "Kirmeir, Andreas"]
[Result "1-0"]
[WhiteElo "2066"]
[BlackElo "1738"]
[PlyCount "79"]
[EventDate "2013.??.??"]
[WhiteTeam "VSG 1880 Offenbach"]
[BlackTeam "SC Landskrone"]

1. Nc3 g6 2. e4 Bg7 3. Nf3 d6 4. Bc4 e6 5. O-O Ne7 6. d4 b6 7. Re1 a6 8. a4 Bb7
9. Be3 Nd7 10. Qd2 h6 11. Rad1 g5 12. Qe2 Ng6 13. Nd2 Qe7 14. Nf1 h5 15. f3 Nf4
16. Qd2 Bh6 17. Ne2 Nxe2+ 18. Bxe2 h4 19. b4 e5 20. c4 exd4 21. Bxd4 g4 22. f4
Rg8 23. Bd3 O-O-O 24. Qf2 Bg7 25. Bxg7 Rxg7 26. Qd4 f6 27. Ne3 Qf8 28. Nf5 Rh7
29. Rb1 Nb8 30. Qc3 Nc6 31. Rb2 Ne7 32. Nd4 Re8 33. c5 g3 34. h3 Ng6 35. c6 Ba8
36. Bxa6+ Kd8 37. f5 Ne5 38. a5 Rhe7 39. Rc2 Qh6 40. axb6 1-0

[Event "25.Schlosspark-Open"]
[Site "Wiesbaden-Biebrich"]
[Date "2013.08.22"]
[Round "1.44"]
[White "Bratmann, Marc"]
[Black "Neurohr, Jürgen"]
[Result "1/2-1/2"]
[WhiteElo "1730"]
[BlackElo "2060"]
[PlyCount "36"]
[EventDate "2013.??.??"]
[WhiteTeam "SAbt TuS Dotzheim"]
[BlackTeam "Sfr.Mainz 1928"]

1. e4 e6 2. d4 d5 3. e5 c5 4. c3 Nc6 5. Nf3 Qb6 6. Be2 cxd4 7. cxd4 Nh6 8. Nc3
Nf5 9. Na4 Bb4+ 10. Bd2 Qa5 11. Nc3 Nfxd4 12. Nxd4 Nxd4 13. a3 Be7 14. Nb5 Qb6
15. Be3 Qa5+ 16. Bd2 Qb6 17. Be3 Qa5+ 18. Bd2 Qb6 1/2-1/2

[Event "25.Schlosspark-Open"]
[Site "Wiesbaden-Biebrich"]
[Date "2013.08.22"]
[Round "1.45"]
[White "Heim, Frank"]
[Black "Schöber, Sebastian"]
[Result "1-0"]
[WhiteElo "2059"]
[BlackElo "1730"]
[PlyCount "89"]
[EventDate "2013.??.??"]
[WhiteTeam "SAbt TuS Dotzheim"]
[BlackTeam "SC Rochade 69 Diez e. V."]

1. d4 Nf6 2. c4 c5 3. d5 b5 4. cxb5 a6 5. bxa6 Bxa6 6. Nc3 d6 7. g3 g6 8. Bg2
Nbd7 9. Nf3 Bg7 10. Rb1 O-O 11. O-O Qc7 12. Qc2 Rfb8 13. Rd1 Ng4 14. h3 Nge5
15. Nxe5 Nxe5 16. b3 Rb4 17. a4 Qb6 18. Na2 Rd4 19. Re1 Bc8 20. Bb2 Bf5 21. e4
Bd7 22. Bxd4 cxd4 23. Qd2 Bxh3 24. Qb4 Qxb4 25. Nxb4 Bg4 26. Nc6 e6 27. Nxe5
Bxe5 28. f3 Bxf3 29. Bxf3 Bxg3 30. Rec1 h5 31. Rc7 Bf4 32. Ra1 Rb8 33. Bd1 exd5
34. exd5 Be3+ 35. Kg2 Re8 36. a5 Re5 37. a6 Rg5+ 38. Kf3 h4 39. a7 Rg3+ 40. Ke4
h3 41. a8=Q+ Kg7 42. Rxf7+ Kh6 43. Qh8+ Kg5 44. Qf6+ Kh6 45. Qh4# 1-0

[Event "25.Schlosspark-Open"]
[Site "Wiesbaden-Biebrich"]
[Date "2013.08.22"]
[Round "1.46"]
[White "Klimshin, Ilia"]
[Black "Böhmer, Thomas"]
[Result "0-1"]
[WhiteElo "1723"]
[BlackElo "2056"]
[PlyCount "84"]
[EventDate "2013.??.??"]
[WhiteTeam "vereinslos"]
[BlackTeam "Wiesbadener SV 1885"]

1. e4 c6 2. d4 d5 3. exd5 cxd5 4. Nf3 Nc6 5. h3 Bf5 6. Bd3 Bxd3 7. Qxd3 e6 8.
Nc3 Nf6 9. O-O Be7 10. Bf4 O-O 11. a3 a6 12. Rfe1 Rc8 13. Ne2 Na5 14. c3 Nc4
15. Rab1 b5 16. Ng3 Re8 17. Nd2 Bd6 18. Be5 Bxe5 19. dxe5 Nd7 20. Nxc4 bxc4 21.
Qe3 f5 22. Ne2 Nc5 23. f3 Qh4 24. Qd4 Qh6 25. Red1 Re7 26. Nc1 Rb7 27. Qf2 Na4
28. Na2 a5 29. Kh1 Rcb8 30. Rd2 Rb3 31. Nc1 R3b5 32. Rc2 Qg6 33. Qd2 Qf7 34. b4
cxb3 35. Nxb3 Rxb3 36. Rxb3 Rxb3 37. Qd4 Nb6 38. Qc5 h6 39. Qxa5 Nc4 40. Qd8+
Kh7 41. a4 Rb1+ 42. Kh2 Qg6 0-1

[Event "25.Schlosspark-Open"]
[Site "Wiesbaden-Biebrich"]
[Date "2013.08.22"]
[Round "1.47"]
[White "Kolker, Vladislav"]
[Black "Günther, Rainer"]
[Result "1-0"]
[WhiteElo "2054"]
[BlackElo "1707"]
[PlyCount "67"]
[EventDate "2013.??.??"]
[WhiteTeam "SC Bad Nauheim"]
[BlackTeam "SV Mainz-Mombach"]

1. e4 c5 2. Nf3 d6 3. d4 cxd4 4. Nxd4 Nf6 5. Nc3 a6 6. h3 g6 7. Be3 Bd7 8. Qd2
Bg7 9. g4 Nc6 10. Bg2 Ne5 11. b3 Qc7 12. g5 Nh5 13. Nd5 Qd8 14. c4 e6 15. Nc3
Bc6 16. Rd1 Bf8 17. O-O Be7 18. f4 Nd7 19. Qf2 Qa5 20. Qb2 O-O 21. b4 Qb6 22.
Nf5 Qd8 23. Nxe7+ Qxe7 24. b5 axb5 25. cxb5 Bxb5 26. Nxb5 Nc5 27. Nxd6 Na4 28.
Qd4 Rfd8 29. e5 Ng3 30. Rfe1 Qc7 31. Rc1 Qa5 32. Nxb7 Rxd4 33. Nxa5 Rd3 34.
Bxa8 1-0

[Event "25.Schlosspark-Open"]
[Site "Wiesbaden-Biebrich"]
[Date "2013.08.22"]
[Round "1.48"]
[White "Klebs, Sebastian"]
[Black "Reinert, Stephane"]
[Result "1/2-1/2"]
[WhiteElo "1707"]
[BlackElo "2050"]
[PlyCount "103"]
[EventDate "2013.??.??"]
[WhiteTeam "VfR-SC Koblenz"]
[BlackTeam "SC Bad Nauheim"]

1. e4 b6 2. d4 Bb7 3. Nc3 e6 4. Nf3 Bb4 5. Bd3 Nf6 6. Qe2 d5 7. exd5 Qxd5 8.
O-O Qh5 9. Ne4 Nbd7 10. Bf4 O-O-O 11. c3 Be7 12. Ba6 Qf5 13. Bxb7+ Kxb7 14.
Nxf6 Bxf6 15. Bg3 g5 16. Rad1 h5 17. Qc4 c6 18. Rfe1 h4 19. Be5 h3 20. Qd3 Qg4
21. g3 Qh5 22. Bxf6 Nxf6 23. Ne5 g4 24. Qe2 Rhg8 25. f3 gxf3 26. Qxf3 Qxf3 27.
Nxf3 Rd5 28. Re5 Ng4 29. Rxd5 cxd5 30. Re1 Kc7 31. Ne5 Rg7 32. Nxg4 Rxg4 33.
Re5 Kd6 34. Rh5 Re4 35. Kf2 f6 36. Rxh3 e5 37. dxe5+ fxe5 38. Rh7 a5 39. h4 d4
40. cxd4 exd4 41. Rh8 Ke7 42. Rh7+ Ke8 43. Rh5 d3 44. Rd5 Re2+ 45. Kf3 Rxb2 46.
Rxd3 b5 47. a3 Ke7 48. Ke4 Ke6 49. Rf3 Rc2 50. Rb3 Rc4+ 51. Kf3 Rc5 52. Ke4
1/2-1/2

[Event "25.Schlosspark-Open"]
[Site "Wiesbaden-Biebrich"]
[Date "2013.08.22"]
[Round "1.49"]
[White "Feicht, Arno"]
[Black "Diener, Carolin Valeria"]
[Result "1-0"]
[WhiteElo "2049"]
[BlackElo "1700"]
[PlyCount "41"]
[EventDate "2013.??.??"]
[WhiteTeam "Sfr. Anderssen Wetzlar"]
[BlackTeam "Sfr.1891 Friedberg"]

1. d4 Nf6 2. Nc3 d5 3. Bg5 e6 4. e4 dxe4 5. Nxe4 Be7 6. Bxf6 Bxf6 7. Nf3 Be7 8.
Qd2 a6 9. Bd3 O-O 10. O-O-O b5 11. Neg5 h6 12. Ne4 c6 13. h4 a5 14. g4 Qd5 15.
g5 h5 16. Kb1 g6 17. Ne5 Qxd4 18. Qf4 Qa7 19. Nf6+ Bxf6 20. gxf6 Kh7 21. Qg5
1-0

[Event "25.Schlosspark-Open"]
[Site "Wiesbaden-Biebrich"]
[Date "2013.08.22"]
[Round "1.50"]
[White "Diehl, Stefan"]
[Black "Reh, Stefan"]
[Result "0-1"]
[WhiteElo "1699"]
[BlackElo "2048"]
[PlyCount "30"]
[EventDate "2013.??.??"]
[WhiteTeam "SC 1910 Höchst"]
[BlackTeam "SC 1934 Gelnhausen"]

1. f4 e5 2. fxe5 d6 3. exd6 Bxd6 4. Nf3 Bg4 5. d4 Bxf3 6. exf3 Qh4+ 7. Ke2 Nf6
8. Be3 O-O 9. Qe1 Qh5 10. Kd1 Re8 11. Qd2 Nd5 12. Bf2 Bf4 13. Qd3 Nc6 14. c3
Rad8 15. Kc2 Ncb4+ 0-1

[Event "25.Schlosspark-Open"]
[Site "Wiesbaden-Biebrich"]
[Date "2013.08.22"]
[Round "1.51"]
[White "Brechlin, Olaf"]
[Black "Lessmann, Sven"]
[Result "1-0"]
[WhiteElo "2046"]
[BlackElo "1697"]
[PlyCount "59"]
[EventDate "2013.??.??"]
[WhiteTeam "FVS ASP Hoyerswerda"]
[BlackTeam "SC Bad Soden"]

1. Nc3 d5 2. e4 d4 3. Nce2 e5 4. Ng3 Nf6 5. Bc4 Nc6 6. Nf3 Na5 7. Nxe5 Nxc4 8.
Nxc4 Nd7 9. d3 b5 10. Nd2 Bb7 11. O-O Bd6 12. f4 f6 13. Nf3 c5 14. Nf5 Bf8 15.
e5 Bd5 16. exf6 Qxf6 17. Re1+ Kd8 18. Ng3 g6 19. f5 Kc7 20. Bf4+ Kb7 21. Re5
Bf7 22. Qe1 Qc6 23. fxg6 hxg6 24. Re2 Bd5 25. Ne4 Bxe4 26. Rxe4 Bd6 27. Re6
Rae8 28. Bxd6 Rxe6 29. Qxe6 Rf8 30. Qe4 1-0